Luton Town all-time top appearances - Statistics

General Stats
  • This quiz has been taken 4 times
  • The average score is 2 of 10
Answer Stats
Apps Nationality Player % Correct
396 Democratic Republic of Congo Pelly Ruddock Mpanzu
100%
274 England Brian Stein
33%
270 England Mark Tyler
33%
239 England David Preece
0%
235 England Harry Cornick
0%
299 Wales / England Jake Howells
0%
266 Irealnd Keith Keane
0%
281 Northern ireland Mal Donaghy
0%
291 England Matthew Spring
0%
256 England Ricky Hill
0%
No matching quizzes found
Score Distribution
Percent of People with Each Score
Percentile by Number Answered
Your Score History
You have not taken this quiz